Σύγχρονη γενική διδακτική
Αποθηκεύτηκε σε:
| Κύριος συγγραφέας: | |
|---|---|
| Μορφή: | Βιβλίο |
| Γλώσσα: | Greek |
| Δημοσίευση: |
Αλεξανδρούπολη :
[χ.ό.],
1979
|
| Θέματα: | |
| Ετικέτες: |
Προσθήκη ετικέτας
Δεν υπάρχουν, Καταχωρήστε ετικέτα πρώτοι!
|
MARC
| LEADER | 00000cam a2200000 i 4500 | ||
|---|---|---|---|
| 001 | 1/93223 | ||
| 008 | 080904s1979 gre d | ||
| 035 | |l 10099914 | ||
| 040 | |a GR-MY-UA |b gre |e aacr | ||
| 041 | 0 | |a gre | |
| 082 | 0 | |a 371.102 |2 (22) | |
| 100 | 1 | |a Δερβίσης, Στέργιος Ν. | |
| 245 | 1 | 0 | |a Σύγχρονη γενική διδακτική / |c Στεργίου Ν. Δερβίση |
| 260 | |a Αλεξανδρούπολη : |b [χ.ό.], |c 1979 | ||
| 300 | |a 333 σ.; |c 24 εκ. | ||
| 500 | |a Στo 2o αντίτυπο οι σελιδες αριθμούνται έως την 293 σ. | ||
| 650 | 0 | 0 | |a Teaching |x Handbooks, manuals, etc. |
| 650 | 0 | 0 | |a Effective teaching |x Handbooks, manuals, etc. |
| 650 | 0 | 0 | |a Student teaching. |
| 852 | |a INST |b RHODES |c AKA |e 20080904 |h 371.102 ΔΕΡ |p 005400027448 |q 005400027448 |t BK |y 0 | ||
| 852 | |a INST |b RHODES |c AKA |e 20090408 |h 371.102 ΔΕΡ |p 005400032037 |q 005400032037 |t BK |y 0 | ||
| 901 | |a BIBL4-2008-2 | ||
| 909 | |a Ρ |b 152803 | ||
| 909 | |a Ρ |b 157085 | ||
| 970 | |a ΚΟΖΑ |b ΜΑΡΙΑ |z 2008/09/04 | ||